Clic Ce sont des départements mais aussi... (3) - Statistiques

Statistiques générales
  • Ce quiz a été pris 19 fois
  • Le résultat moyen est 23 sur 50
Statistiques - réponses
Hint Explanation Réponse % Correct
L'Ariège est un affluent de la Garonne VRAI
87%
Le Gers est un affluent de la Garonne VRAI
73%
Dordogne est une commune de Suisse FAUX
67%
La Gironde est un parti politique de la Révolution VRAI
67%
Aisne est une ancienne commune d'Algérie FAUX
60%
Le Doubs est une rivière franco-suisse VRAI
60%
L'Aveyron est un affluent du Tarn VRAI
60%
Le Gers est un volcan d'Auvergne FAUX
53%
Gers est l'autre nom de la yourte mongole Ger FAUX
53%
Aveyron est un monstre vivant dans une caverne FAUX
53%
Le Finistère est un cap espagnol Finesterre FAUX
53%
L'Ariège est un affluent de la Gironde FAUX
53%
La Gironde est une commune du Lot-et-Garonne Une ancienne commune du Lot FAUX
53%
Corrèze est un personnage de Ric Hochet FAUX
53%
L'Aude est un fleuve côtier d'Occitanie VRAI
53%
Aube est une commune de l'Aube FAUX
47%
Cantal est un singe savant bien connu au XIXe siècle FAUX
47%
Charente est un valet de Molière FAUX
47%
Gironde est un prénom féminin FAUX
47%
Gers est une commune des Pyrénées-Orientales Mais il existe Ger dans les Hautes-Pyrénées et dans les Pyrénes-Atlantiques FAUX
47%
Le Gers est un fromage de brebis FAUX
47%
L'Isère est un affluent de la Loire FAUX
47%
La Corrèze est un type de danse
FAUX
47%
L'Isère est un fromage FAUX
47%
Dordogne est un fromage IGP FAUX
47%
Aube est une commune de Moselle VRAI
47%
Aube est un prénom féminin VRAI
47%
Le Cantal est un massif montagneux VRAI
47%
Indre est un prénom féminin lituanien VRAI
47%
Allier est une station de métro de Paris FAUX
40%
Isère est une station du métro de Lille FAUX
40%
Cher est un prénom féminin français Français ? Non FAUX
40%
Ain est un prénom masculin Alain oui ! FAUX
40%
La Charente est un alcool FAUX
40%
Le Doubs est un alcool FAUX
40%
Corrèze est footballeur français Emmanuel de son prénom VRAI
40%
Aude est un astéroïde VRAI
40%
Indre est une commune d'Indre-et-Loire de Loire-Atlantique VRAI
40%
Hérault est un navire de la marine de Louis XIV Héros FAUX
33%
L'Hérault est un poisson Heros FAUX
33%
L'Ain est une commune d'Espagne Dans la région de Valence VRAI
33%
Ain est une étoile Aussi appelée Tau VRAI
33%
Aude est un poète français Prénommé Joseph VRAI
33%
Dordogne est un jeu vidéo VRAI
33%
L'Ariège est un vin IGP VRAI
33%
La Dordogne est une rivière belge dans le Hainaut VRAI
33%
Eure est une commune belge Heure FAUX
27%
Les Ardennes sont un massif partagé entre 3 pays 4 pays, Belgique, Luxembourg, Allemagne et France FAUX
27%
Calvados est un ensemble de récifs qui a donné son nom au département VRAI
27%
Gard est un écrivain français Roger Martin du Gard et non Gard seul FAUX
20%
Aucun quiz correspondant
Distribution des résultats
% des personnes avec chaque résultat
Percentile par nombre de réponses
Votre historique - résultats
Vous n’avez pas pris ce quiz